Landscape Planning Proposal For Gondekhal Village And Its Surrounding Watershed (Record no. 361997)

MARC details
000 -LEADER
fixed length control field 00300nam a2200097Ia 4500
008 - FIXED-LENGTH DATA ELEMENTS--GENERAL INFORMATION
fixed length control field 241105s9999 xx 000 0 und d
041 ## - LANGUAGE CODE
Language code of text/sound track or separate title eng
100 ## - MAIN ENTRY--PERSONAL NAME
Personal name Kadu Aishwarya
245 ## - TITLE STATEMENT
Title Landscape Planning Proposal For Gondekhal Village And Its Surrounding Watershed
260 ## - PUBLICATION, DISTRIBUTION, ETC. (IMPRINT)
Name of publisher, distributor, etc. BNCA M Arch LA, Pune
Date of publication, distribution, etc. 2020

No items available.